[Event "EU-chT Seniors"]
[Site "Rogaska Slatina"]
[Date "2012.04.02"]
[Round "7.12"]
[White "Olesen, Poul Erik Norgaard"]
[Black "Ahlers, Ben"]
[Result "1-0"]
[WhiteElo "2052"]
[BlackElo "2116"]
[PlyCount "59"]
[EventDate "2012.03.27"]
[EventType "team-swiss"]
[EventRounds "9"]
[EventCountry "SLO"]
[SourceTitle "CBM 147 Extra"]
[Source "ChessBase"]
[SourceDate "2012.04.24"]
[SourceVersion "1"]
[SourceVersionDate "2012.04.24"]
[SourceQuality "1"]
[WhiteTeam "Denmark (Seniors) II"]
[BlackTeam "Discendo Discimus (Seniors)"]
[WhiteTeamCountry "DEN"]
[BlackTeamCountry "NED"]

1. e4 e6 2. d4 d5 3. Nc3 Bb4 4. Bd2 Bxc3 5. Bxc3 dxe4 6. Qg4 Nf6 7. Qxg7 Rg8 8. Qh6 Nc6 9. 0-0-0 Rg6 10. Qd2 Ne7 11. Ne2 Ned5 12. Nf4 Nxf4 13. Qxf4 Bd7 14. g3 Bc6 15. Bg2 Qe7 16. Rhe1 0-0-0 17. Qh4 Rd5 18. Qf4 Rf5 19. Qd2 Ng4 20. Re2 Nf6 21. Bb4 Qd7 22. c4 b6 23. Bc3 Kb8 24. d5 exd5 25. Bxf6 Rgxf6 26. Bh3 Rd6 27. Qd4 Kb7 28. Qg7 Ba4 29. b3 dxc4 30. Rxd6 1-0

[Event "EU-chT Seniors"]
[Site "Rogaska Slatina"]
[Date "2012.03.31"]
[Round "5.13"]
[White "Ahlers, Ben"]
[Black "Hauge, Tor Arne"]
[Result "1/2-1/2"]
[WhiteElo "2116"]
[BlackElo "2124"]
[PlyCount "51"]
[EventDate "2012.03.27"]
[EventType "team-swiss"]
[EventRounds "9"]
[EventCountry "SLO"]
[SourceTitle "CBM 147 Extra"]
[Source "ChessBase"]
[SourceDate "2012.04.24"]
[SourceVersion "1"]
[SourceVersionDate "2012.04.24"]
[SourceQuality "1"]
[WhiteTeam "Discendo Discimus (Seniors)"]
[BlackTeam "Norway (Seniors) II"]
[WhiteTeamCountry "NED"]
[BlackTeamCountry "NOR"]

1. d4 Nf6 2. c4 g6 3. Nc3 Bg7 4. e4 d6 5. Nge2 0-0 6. Ng3 e5 7. d5 a5 8. Be2 Na6 9. h4 c6 10. h5 cxd5 11. cxd5 Bd7 12. Be3 Rc8 13. Qd2 Nc5 14. f3 a4 15. Kf2 Qa5 16. Rab1 Rc7 17. Nb5 Qxd2 18. Bxd2 Bxb5 19. Bxb5 Ra8 20. hxg6 hxg6 21. Rhc1 Kf8 22. Rc4 Nd3+ 23. Kf1 Rxc4 24. Bxc4 Nc5 25. Bb5 Ne8 26. Ne2 1/2-1/2

[Event "EU-chT Seniors"]
[Site "Rogaska Slatina"]
[Date "2012.03.27"]
[Round "1.20"]
[White "Rooze, Jan"]
[Black "Ahlers, Ben"]
[Result "1/2-1/2"]
[WhiteElo "2325"]
[BlackElo "2116"]
[PlyCount "60"]
[EventDate "2012.03.27"]
[EventType "team-swiss"]
[EventRounds "9"]
[EventCountry "SLO"]
[SourceTitle "CBM 147 Extra"]
[Source "ChessBase"]
[SourceDate "2012.04.24"]
[SourceVersion "1"]
[SourceVersionDate "2012.04.24"]
[SourceQuality "1"]
[WhiteTeam "Belgium (Seniors)"]
[BlackTeam "Discendo Discimus (Seniors)"]
[WhiteTeamCountry "BEL"]
[BlackTeamCountry "NED"]

1. e4 e6 2. d3 d5 3. Qe2 Be7 4. Nf3 c5 5. g3 Nc6 6. Bg2 Nf6 7. 0-0 0-0 8. e5 Nd7 9. c4 Nb6 10. h4 f5 11. exf6 Bxf6 12. Nc3 Nd4 13. Nxd4 cxd4 14. Nb1 dxc4 15. dxc4 d3 16. Qe4 Na4 17. Nd2 Nxb2 18. Bxb2 Bxb2 19. Rad1 e5 20. Qd5+ Qxd5 21. Bxd5+ Kh8 22. Kg2 Rb8 23. Ne4 Bf5 24. Rxd3 b5 25. cxb5 Rxb5 26. f3 Bd4 27. Bb3 h6 28. Rd2 Bxe4 29. fxe4 Rxf1 30. Kxf1 Rc5 1/2-1/2

[Event "La Fere op 8th"]
[Site "La Fere"]
[Date "2009.07.06"]
[Round "4"]
[White "Venkatesh, Marani Rajendran"]
[Black "Ahlers, Ben"]
[Result "1/2-1/2"]
[WhiteElo "2426"]
[BlackElo "2136"]
[PlyCount "54"]
[EventDate "2009.07.04"]
[EventType "swiss"]
[EventRounds "9"]
[EventCountry "FRA"]
[SourceTitle "CBM 131 Extra"]
[Source "ChessBase"]
[SourceDate "2009.09.03"]
[SourceVersion "2"]
[SourceVersionDate "2009.09.16"]
[SourceQuality "1"]

1. Nf3 Nf6 2. g3 g6 3. d3 Bg7 4. e4 d6 5. Bg2 0-0 6. 0-0 c5 7. Re1 Nc6 8. c3 Rb8 9. d4 cxd4 10. cxd4 Bg4 11. Nc3 Qa5 12. h3 Bxf3 13. Bxf3 Qb4 14. d5 Ne5 15. Bg2 Rbc8 16. Qe2 a6 17. Kh2 Nh5 18. f4 Nc4 19. Nd1 Rc7 20. Nf2 Rfc8 21. Nd3 Qb6 22. Rb1 Qa5 23. a3 Qb5 24. b3 Bd4 25. g4 Nf6 26. a4 Qb6 27. Qf3 Nd7 1/2-1/2

[Event "La Fere op 8th"]
[Site "La Fere"]
[Date "2009.07.04"]
[Round "1"]
[White "Ahlers, Ben"]
[Black "Riff, Jean Noel"]
[Result "0-1"]
[WhiteElo "2136"]
[BlackElo "2505"]
[PlyCount "72"]
[EventDate "2009.07.04"]
[EventType "swiss"]
[EventRounds "9"]
[EventCountry "FRA"]
[SourceTitle "CBM 131 Extra"]
[Source "ChessBase"]
[SourceDate "2009.09.03"]
[SourceVersion "2"]
[SourceVersionDate "2009.09.16"]
[SourceQuality "1"]

1. e4 c5 2. b3 e6 3. Bb2 Nc6 4. Nf3 a6 5. d4 cxd4 6. Nxd4 Qc7 7. Nxc6 Qxc6 8. Bd3 Nf6 9. Nd2 d6 10. 0-0 Be7 11. Kh1 b6 12. Qe2 Bb7 13. c4 h5 14. Rae1 h4 15. Nf3 e5 16. Bc1 Nh5 17. b4 g6 18. b5 Qd7 19. c5 bxc5 20. bxa6 Bc6 21. Bc4 h3 22. g3 Ng7 23. Rd1 f6 24. Nh4 g5 25. Ng6 Rh6 26. Nxe7 Kxe7 27. f4 gxf4 28. gxf4 Rh4 29. Bd5 Bxd5 30. exd5 Qg4 31. Qf2 Qg2+ 32. Qxg2 hxg2+ 33. Kxg2 e4 34. Rde1 f5 35. Bb2 Nh5 36. Kh1 Ng3+ 0-1

[Event "Hoogeveen Essent op"]
[Site "Hoogeveen"]
[Date "2007.10.20"]
[Round "9"]
[White "Ahlers, Ben"]
[Black "Galje, Hans"]
[Result "1-0"]
[WhiteElo "2190"]
[BlackElo "2143"]
[PlyCount "67"]
[EventDate "2007.10.12"]
[EventType "swiss"]
[EventRounds "9"]
[EventCountry "NED"]
[SourceTitle "CBM 120 Extra"]
[Source "ChessBase"]
[SourceDate "2007.11.01"]
[SourceVersion "1"]
[SourceVersionDate "2007.11.01"]
[SourceQuality "1"]

1. e4 e6 2. d3 d5 3. Nd2 Nf6 4. g3 Bc5 5. Bg2 0-0 6. Ngf3 Nc6 7. 0-0 dxe4 8. dxe4 e5 9. c3 a5 10. Qc2 h6 11. Nc4 Re8 12. Be3 Qe7 13. h3 b5 14. Bxc5 Qxc5 15. Ne3 Be6 16. Rfd1 Rad8 17. Ne1 a4 18. Nd3 Qf8 19. b3 a3 20. b4 Nd7 21. Qc1 Nb6 22. Qxa3 Ra8 23. Qb2 Red8 24. Bf1 Nc4 25. Nxc4 Bxc4 26. Nc5 Rxd1 27. Rxd1 Rxa2 28. Qb1 Qa8 29. Bxc4 bxc4 30. b5 Ne7 31. Na6 Re2 32. Nxc7 Qb7 33. b6 Rxe4 34. Nd5 1-0

[Event "Hoogeveen Essent op"]
[Site "Hoogeveen"]
[Date "2007.10.14"]
[Round "3"]
[White "Ahlers, Ben"]
[Black "Friesen, Boris"]
[Result "1/2-1/2"]
[WhiteElo "2190"]
[BlackElo "2152"]
[PlyCount "47"]
[EventDate "2007.10.12"]
[EventType "swiss"]
[EventRounds "9"]
[EventCountry "NED"]
[SourceTitle "CBM 120 Extra"]
[Source "ChessBase"]
[SourceDate "2007.11.01"]
[SourceVersion "1"]
[SourceVersionDate "2007.11.01"]
[SourceQuality "1"]

1. e4 e6 2. d4 d5 3. e5 c5 4. c3 Nc6 5. Nf3 Bd7 6. a3 Qb6 7. b4 cxd4 8. cxd4 Rc8 9. Be2 Nge7 10. 0-0 Nf5 11. Bb2 Be7 12. Qd2 a6 13. Rd1 0-0 14. Nc3 Na7 15. Bd3 Nh4 16. Nxh4 Bxh4 17. g3 Be7 18. Rac1 f5 19. exf6 Bxf6 20. Ne2 Bb5 21. Rc5 Bxd3 22. Qxd3 Be7 23. Rxc8 Rxc8 24. Nf4 1/2-1/2

[Event "Hoogeveen Essent op"]
[Site "Hoogeveen"]
[Date "2006.10.27"]
[Round "8"]
[White "Ahlers, Ben"]
[Black "Mamedjarova, Zeinab"]
[Result "0-1"]
[WhiteElo "2184"]
[BlackElo "2318"]
[PlyCount "50"]
[EventDate "2006.10.21"]
[EventType "swiss"]
[EventRounds "9"]
[EventCountry "NED"]
[SourceTitle "EXT 2007"]
[Source "ChessBase"]
[SourceDate "2006.11.23"]
[SourceVersion "1"]
[SourceVersionDate "2006.11.23"]
[SourceQuality "1"]

1. d4 f5 2. g3 Nf6 3. Bg2 g6 4. Nh3 Bg7 5. Nf4 0-0 6. 0-0 d6 7. d5 c6 8. c4 e5 9. dxe6 Na6 10. Qc2 Nc7 11. Rd1 Qe7 12. Nc3 Nxe6 13. Nxe6 Bxe6 14. Bf4 Rad8 15. b3 Nh5 16. Bd2 f4 17. Be1 Bf5 18. Qd2 Be5 19. Rac1 g5 20. e3 Qf7 21. Qe2 Bg6 22. exf4 gxf4 23. Be4 Rde8 24. Qg4 fxg3 25. hxg3 Bxc3 0-1

[Event "Hoogeveen Essent op"]
[Site "Hoogeveen"]
[Date "2006.10.23"]
[Round "4"]
[White "Bednar, Jaromir"]
[Black "Ahlers, Ben"]
[Result "1-0"]
[WhiteElo "2369"]
[BlackElo "2184"]
[PlyCount "99"]
[EventDate "2006.10.21"]
[EventType "swiss"]
[EventRounds "9"]
[EventCountry "NED"]
[SourceTitle "EXT 2007"]
[Source "ChessBase"]
[SourceDate "2006.11.23"]
[SourceVersion "1"]
[SourceVersionDate "2006.11.23"]
[SourceQuality "1"]

1. e4 e6 2. d3 d5 3. Nd2 Nf6 4. g3 dxe4 5. dxe4 e5 6. Ngf3 Nc6 7. Bg2 Bc5 8. 0-0 0-0 9. Qe2 Qe7 10. c3 a5 11. Nc4 b6 12. Nh4 Ba6 13. Nf5 Qe6 14. b3 g6 15. Bh6 Rfd8 16. Nfe3 b5 17. Nb2 b4 18. Nbc4 bxc3 19. Nd5 Nd4 20. Qe3 Ne8 21. Qg5 c6 22. Nde3 f6 23. Qh4 Bxc4 24. Nxc4 Nd6 25. Ne3 Nf7 26. Kh1 Nxh6 27. Qxh6 Bf8 28. Qh4 a4 29. bxa4 Rxa4 30. Bh3 Qe7 31. f4 exf4 32. Qxf4 Bg7 33. Ng4 Ne2 34. Nxf6+ Bxf6 35. Qxf6 Qxf6 36. Rxf6 c2 37. Be6+ Kg7 38. Rf7+ Kh6 39. Bb3 Rxa2 40. Bxa2 Rd1+ 41. Rf1 Rxa1 42. Rxa1 c1Q+ 43. Rxc1 Nxc1 44. Bc4 Kg5 45. Kg2 Kf6 46. Kf3 Ke5 47. Ke3 h6 48. h4 g5 49. hxg5 hxg5 50. g4 1-0

[Event "Amsterdam ACT op 3rd"]
[Site "Amsterdam"]
[Date "2006.07.20"]
[Round "6"]
[White "Ahlers, Ben"]
[Black "Ferguson, Mark"]
[Result "0-1"]
[WhiteElo "2185"]
[BlackElo "2389"]
[PlyCount "54"]
[EventDate "2006.07.15"]
[EventType "swiss"]
[EventRounds "9"]
[EventCountry "NED"]
[SourceTitle "CBM 113 Extra"]
[Source "ChessBase"]
[SourceDate "2006.09.14"]
[SourceVersion "1"]
[SourceVersionDate "2006.09.14"]
[SourceQuality "1"]

1. d4 d5 2. c4 c6 3. Nf3 Nf6 4. Nc3 dxc4 5. a4 Bf5 6. e3 e6 7. Bxc4 Bb4 8. 0-0 0-0 9. Qe2 Bg6 10. Ne5 Nbd7 11. Nxg6 hxg6 12. f4 a5 13. Rd1 Qe7 14. e4 Nb6 15. Bb3 Rfd8 16. Bc2 c5 17. dxc5 Rxd1+ 18. Nxd1 Bxc5+ 19. Kh1 Rd8 20. Bd2 e5 21. f5 gxf5 22. exf5 Ng4 23. Be1 Qg5 24. h4 Qf4 25. g3 Rd2 26. Bxd2 Qxg3 27. Nc3 Qh3+ 0-1

[Event "Hoogeveen Essent op"]
[Site "Hoogeveen"]
[Date "2005.10.29"]
[Round "9"]
[White "Ahlers, Ben"]
[Black "Schuurman, Petra"]
[Result "1-0"]
[WhiteElo "2198"]
[BlackElo "2279"]
[PlyCount "70"]
[EventDate "2005.10.21"]
[EventType "swiss"]
[EventRounds "9"]
[EventCountry "NED"]
[SourceTitle "EXT 2006"]
[Source "ChessBase"]
[SourceDate "2005.11.24"]
[SourceVersion "1"]
[SourceVersionDate "2005.11.24"]
[SourceQuality "1"]

1. d4 Nf6 2. Nf3 e6 3. e3 b6 4. Bd3 Bb7 5. Nbd2 c5 6. b3 d6 7. 0-0 Nbd7 8. Bb2 Be7 9. dxc5 bxc5 10. Qe2 d5 11. e4 d4 12. c3 e5 13. Nc4 Qb8 14. Na5 0-0 15. Nxb7 Qxb7 16. Rac1 a5 17. Bb5 Rab8 18. a4 Rfd8 19. Nd2 Nb6 20. f3 Nh5 21. g3 g6 22. f4 Bf8 23. fxe5 Bh6 24. cxd4 cxd4 25. Rcd1 Ng7 26. Nc4 Nxc4 27. Bxc4 Be3+ 28. Kh1 Qxe4+ 29. Qg2 Qxg2+ 30. Kxg2 Rb7 31. Rf3 Nf5 32. e6 Bg5 33. exf7+ Kf8 34. Kh1 h5 35. h3 Ne3 1-0

[Event "Hoogeveen Essent op"]
[Site "Hoogeveen"]
[Date "2005.10.24"]
[Round "4"]
[White "Karnaukhova, Elmira"]
[Black "Ahlers, Ben"]
[Result "1-0"]
[WhiteElo "2342"]
[BlackElo "2198"]
[PlyCount "61"]
[EventDate "2005.10.21"]
[EventType "swiss"]
[EventRounds "9"]
[EventCountry "NED"]
[SourceTitle "EXT 2006"]
[Source "ChessBase"]
[SourceDate "2005.11.24"]
[SourceVersion "1"]
[SourceVersionDate "2005.11.24"]
[SourceQuality "1"]

1. d4 Nf6 2. Nf3 g6 3. Bg5 Bg7 4. Nbd2 0-0 5. e4 d6 6. Be2 h6 7. Bh4 c6 8. 0-0 Qc7 9. c3 Nbd7 10. Qc2 e5 11. Rfe1 Re8 12. Bf1 a6 13. a4 b6 14. dxe5 dxe5 15. Nc4 b5 16. Ne3 Bb7 17. Nd2 Rad8 18. f3 Nc5 19. a5 Rxd2 20. Qxd2 Nb3 21. Qc2 Nxa1 22. Rxa1 Rd8 23. c4 Qe7 24. cxb5 cxb5 25. Rc1 Qb4 26. Be1 Qd4 27. Bf2 Qb4 28. Be1 Qd4 29. Rd1 Qxe3+ 30. Bf2 Rxd1 31. Qxd1 1-0

[Event "Corus 4-B"]
[Site "Wijk aan Zee"]
[Date "2005.??.??"]
[Round "7"]
[White "Ahlers, Ben"]
[Black "Hopman, Pieter"]
[Result "0-1"]
[WhiteElo "2120"]
[BlackElo "2305"]
[PlyCount "36"]
[EventDate "2005.01.15"]
[EventType "tourn"]
[EventRounds "9"]
[EventCountry "NED"]
[EventCategory "1"]
[SourceTitle "EXT 2007"]
[Source "ChessBase"]
[SourceDate "2006.11.23"]
[SourceVersion "1"]
[SourceVersionDate "2006.11.23"]
[SourceQuality "1"]

1. d4 d6 2. e4 Nf6 3. Nc3 g6 4. Nf3 Bg7 5. h3 a6 6. a4 b6 7. Bc4 e6 8. 0-0 Bb7 9. Qe2 h6 10. Rd1 Qe7 11. Bf4 Nc6 12. e5 dxe5 13. dxe5 Nd7 14. Rd2 0-0 15. Rad1 Rfd8 16. Qe3 Kh7 17. Bd3 Nb4 18. Ne4 Nd5 0-1

[Event "Hoogeveen Essent op"]
[Site "Hoogeveen"]
[Date "2004.10.15"]
[Round "1"]
[White "Ahlers, Ben"]
[Black "Loeffler, Stefan"]
[Result "0-1"]
[WhiteElo "2223"]
[BlackElo "2432"]
[PlyCount "152"]
[EventDate "2004.10.15"]
[EventType "swiss"]
[EventRounds "9"]
[EventCountry "NED"]
[SourceTitle "CBM 102 Extra"]
[Source "ChessBase"]
[SourceDate "2004.11.03"]
[SourceVersion "1"]
[SourceVersionDate "2004.11.03"]
[SourceQuality "1"]

1. d4 Nf6 2. c4 c5 3. d5 g6 4. Nc3 Bg7 5. e4 0-0 6. Nf3 d6 7. h3 e6 8. Bd3 exd5 9. cxd5 b5 10. Bxb5 Nxe4 11. Nxe4 Qa5+ 12. Nfd2 Qxb5 13. Nxd6 Qd3 14. Qb3 Ba6 15. Qxd3 Bxd3 16. N2c4 Nd7 17. Kd2 Bxc4 18. Nxc4 Nb6 19. Nxb6 axb6 20. Kc2 Ra4 21. Rd1 Rd8 22. a3 Bd4 23. Kb3 b5 24. Be3 Bxe3 25. fxe3 Re4 26. Rac1 Rxe3+ 27. Rc3 c4+ 28. Kb4 Re2 29. Kc5 Kf8 30. Kc6 Ke8 31. d6 Rc8+ 32. Kd5 Kd7 33. Rf1 Rd2+ 34. Ke5 Rc5+ 35. Kf6 Rxg2 36. Kxf7 Rxb2 37. Kg7 Rh5 38. Rf6 Rb3 39. Rxb3 cxb3 40. Rf3 b2 41. Rb3 Rxh3 42. Rxb2 Rh5 43. Rd2 Rh3 44. Rd5 Rxa3 45. Rxb5 Ra7 46. Rb6 Ke6+ 47. Kh6 Rd7 48. Rb1 Kxd6 49. Re1 Rf7 50. Re2 Re7 51. Rf2 Ke6 52. Rf1 Rd7 53. Rf2 Ke5 54. Rf1 Rc7 55. Rf2 Ke4 56. Rf1 Ke3 57. Rg1 Kf2 58. Rg4 Rf7 59. Ra4 Kg3 60. Rg4+ Kf3 61. Ra4 Rf4 62. Ra3+ Kg2 63. Ra2+ Kg3 64. Ra3+ Kh4 65. Ra1 Rf3 66. Ra4+ Kg3 67. Kxh7 g5 68. Kg6 Rf4 69. Ra1 g4 70. Kg5 Rd4 71. Ra3+ Kh2 72. Ra2+ Kh3 73. Ra8 g3 74. Rh8+ Kg2 75. Ra8 Kh2 76. Rh8+ Kg1 0-1

[Event "Amsterdam ACT op 1st"]
[Site "Amsterdam"]
[Date "2004.07.21"]
[Round "5"]
[White "Ahlers, Ben"]
[Black "Burg, Twan"]
[Result "1-0"]
[WhiteElo "2226"]
[BlackElo "2062"]
[PlyCount "75"]
[EventDate "2004.07.17"]
[EventType "swiss"]
[EventRounds "9"]
[EventCountry "NED"]
[SourceTitle "CBM 101 Extra"]
[Source "ChessBase"]
[SourceDate "2004.09.01"]
[SourceVersion "2"]
[SourceVersionDate "2004.09.01"]
[SourceQuality "1"]

1. d4 Nf6 2. Nf3 e6 3. e3 d5 4. Bd3 Bd6 5. 0-0 0-0 6. b3 b6 7. Bb2 Bb7 8. Ne5 Ne4 9. f3 Bxe5 10. dxe5 Nc5 11. f4 Nxd3 12. cxd3 Nd7 13. Nd2 Ba6 14. Nf3 Re8 15. Rf2 Nc5 16. Ne1 Nd7 17. Qh5 Qe7 18. Rd1 c5 19. Nf3 g6 20. Qh3 Kg7 21. e4 d4 22. f5 exf5 23. exf5 f6 24. Ng5 Nf8 25. exf6+ Qxf6 26. Ne4 Rxe4 27. dxe4 g5 28. Bc1 h6 29. Qg3 Re8 30. h4 Nh7 31. Re1 Rg8 32. e5 Qd8 33. f6+ Kh8 34. f7 Rf8 35. e6 Qe7 36. Qe5+ Nf6 37. Rxf6 Bb7 38. Rxh6# 1-0

[Event "Amsterdam ACT op 1st"]
[Site "Amsterdam"]
[Date "2004.07.20"]
[Round "4"]
[White "Pliester, Leon"]
[Black "Ahlers, Ben"]
[Result "1-0"]
[WhiteElo "2389"]
[BlackElo "2226"]
[PlyCount "47"]
[EventDate "2004.07.17"]
[EventType "swiss"]
[EventRounds "9"]
[EventCountry "NED"]
[SourceTitle "CBM 101 Extra"]
[Source "ChessBase"]
[SourceDate "2004.09.01"]
[SourceVersion "2"]
[SourceVersionDate "2004.09.01"]
[SourceQuality "1"]

1. d4 d5 2. c4 c6 3. Nf3 Nf6 4. cxd5 cxd5 5. Nc3 Nc6 6. Bf4 Bf5 7. Qb3 Qb6 8. Qxb6 axb6 9. e3 e6 10. Bb5 Bb4 11. Ke2 Bxc3 12. bxc3 Ne4 13. Rhc1 Ke7 14. a4 Na5 15. Ra3 Rac8 16. Nd2 g5 17. Bg3 Nd6 18. f3 f6 19. e4 Nxb5 20. axb5 Bg6 21. Kf2 Rhd8 22. e5 f5 23. f4 gxf4 24. Bh4+ 1-0

[Event "Amsterdam ACT op 1st"]
[Site "Amsterdam"]
[Date "2004.07.17"]
[Round "1"]
[White "Ahlers, Ben"]
[Black "Blees, Albert"]
[Result "0-1"]
[WhiteElo "2226"]
[BlackElo "2400"]
[PlyCount "74"]
[EventDate "2004.07.17"]
[EventType "swiss"]
[EventRounds "9"]
[EventCountry "NED"]
[SourceTitle "CBM 101 Extra"]
[Source "ChessBase"]
[SourceDate "2004.09.01"]
[SourceVersion "2"]
[SourceVersionDate "2004.09.01"]
[SourceQuality "1"]

1. d4 Nf6 2. c4 c5 3. d5 b5 4. cxb5 a6 5. bxa6 g6 6. Nc3 Bxa6 7. e4 Bxf1 8. Kxf1 d6 9. Nf3 Bg7 10. g3 0-0 11. Kg2 Nbd7 12. h3 Qa5 13. Re1 Rfb8 14. Re2 Ne8 15. Rc2 Nc7 16. Bd2 Qa6 17. Be1 Rb4 18. Qe2 c4 19. Rd1 Nc5 20. Nd4 Bxd4 21. Rxd4 Nd3 22. Nd1 Nb5 23. Rdxc4 Rxc4 24. Qxd3 Rxc2 25. Qxc2 Qxa2 26. Ne3 Qa4 27. b3 Qd4 28. Nc4 Qa1 29. Bd2 Ra2 30. Qd3 Qd1 31. e5 Ra1 32. g4 g5 33. Kg3 Qg1+ 34. Kf3 Qh1+ 35. Ke3 Qxh3+ 36. f3 Qg3 37. Ke4 Re1+ 0-1

[Event "Hoogeveen Essent op"]
[Site "Hoogeveen"]
[Date "2003.10.18"]
[Round "9"]
[White "Prasad, Devaki V"]
[Black "Ahlers, Ben"]
[Result "1-0"]
[WhiteElo "2409"]
[BlackElo "2200"]
[PlyCount "61"]
[EventDate "2003.10.10"]
[EventType "swiss"]
[EventRounds "9"]
[EventCountry "NED"]
[SourceTitle "CBM 096 Extra"]
[Source "ChessBase"]
[SourceDate "2003.10.22"]
[SourceVersion "2"]
[SourceVersionDate "2003.10.20"]
[SourceQuality "1"]

1. e4 e6 2. Qe2 c5 3. Nf3 g6 4. g3 Bg7 5. Bg2 Ne7 6. d3 Nbc6 7. h4 h6 8. c3 b6 9. 0-0 Ba6 10. Rd1 Rc8 11. Nbd2 0-0 12. Nf1 d5 13. e5 d4 14. c4 b5 15. b3 bxc4 16. bxc4 Rb8 17. N1h2 Kh7 18. Ng4 Ng8 19. h5 Nce7 20. Nd2 gxh5 21. Nf6+ Bxf6 22. exf6 Nf5 23. Ne4 Rc8 24. Qxh5 Nxf6 25. Qh3 Ng8 26. Bf4 f6 27. Rab1 Qe7 28. Re1 Rcd8 29. g4 Ng7 30. g5 fxg5 31. Bxg5 1-0

[Event "Hoogeveen Essent op"]
[Site "Hoogeveen"]
[Date "2003.10.10"]
[Round "1"]
[White "Baramidze, David"]
[Black "Ahlers, Ben"]
[Result "1-0"]
[WhiteElo "2463"]
[BlackElo "2200"]
[PlyCount "47"]
[EventDate "2003.10.10"]
[EventType "swiss"]
[EventRounds "9"]
[EventCountry "NED"]
[SourceTitle "CBM 096 Extra"]
[Source "ChessBase"]
[SourceDate "2003.10.22"]
[SourceVersion "2"]
[SourceVersionDate "2003.10.20"]
[SourceQuality "1"]

1. e4 e6 2. d4 d5 3. Nc3 Bb4 4. e5 c5 5. a3 Bxc3+ 6. bxc3 Ne7 7. Nf3 Bd7 8. Bd3 c4 9. Be2 0-0 10. h4 Nbc6 11. h5 f6 12. h6 g6 13. exf6 Rxf6 14. Bg5 Rf7 15. Qd2 Qc7 16. 0-0 Raf8 17. Rae1 Nc8 18. Bh4 Qa5 19. Ng5 Rf5 20. Bg4 Rf4 21. Qe2 Rxg4 22. Qxg4 Qxc3 23. Nxe6 Nd6 24. Qg3 1-0

[Event "Oberwart op 25th"]
[Site "Oberwart"]
[Date "2003.07.10"]
[Round "6"]
[White "Ahlers, Ben"]
[Black "Lakos, Nikoletta"]
[Result "0-1"]
[WhiteElo "2199"]
[BlackElo "2372"]
[PlyCount "60"]
[EventDate "2003.07.05"]
[EventType "swiss"]
[EventRounds "9"]
[EventCountry "AUT"]
[SourceTitle "CBM 095 Extra"]
[Source "ChessBase"]
[SourceDate "2003.09.04"]
[SourceVersion "1"]
[SourceVersionDate "2003.09.04"]
[SourceQuality "1"]

1. d4 Nf6 2. c4 e6 3. Nc3 Bb4 4. Qc2 0-0 5. a3 Bxc3+ 6. Qxc3 b6 7. Bg5 Bb7 8. f3 h6 9. Bh4 d5 10. e3 Nbd7 11. Nh3 Rc8 12. c5 bxc5 13. dxc5 c6 14. Bd3 Re8 15. b4 Ne4 16. Bxd8 Nxc3 17. Bh4 Ne5 18. Bf1 a5 19. bxa5 Ra8 20. Bg3 Nd7 21. Rc1 Na4 22. Be2 Rxa5 23. 0-0 Naxc5 24. Bc7 Rxa3 25. Bd6 Rxe3 26. Rf2 Nd3 27. Bxd3 Rxd3 28. Rb2 Ba8 29. Ra2 Rb3 30. Ra7 Bb7 0-1